Ponuka sa stretáva s dopytom

Obchodné centrá. Najviac plôch v obchodných centrách je v súčasnosti vo Francúzsku. Rusko predbieha Anglicko. Plánované obchodné a outletové centrá.

Salvato in:
Dettagli Bibliografici
Autore principale: Hinková, Andrea
Natura: Capitolo di libro
Lingua:slovacco
Soggetti:
Tags: Aggiungi Tag
Nessun Tag, puoi essere il primo ad aggiungerne!!

MARC

LEADER 00000naa a2200000 4500
001 0173421
005 20231109070705.6
041 0 |a slo 
044 |a SK 
245 1 0 |a Ponuka sa stretáva s dopytom  |c Andrea Hinková 
520 |a Obchodné centrá. Najviac plôch v obchodných centrách je v súčasnosti vo Francúzsku. Rusko predbieha Anglicko. Plánované obchodné a outletové centrá. 
610 2 0 |a centrá obchodné 
610 2 0 |a ponuka 
610 2 0 |a dopyt 
610 2 0 |a dopyt spotrebiteľský 
100 1 |a Hinková, Andrea